Statistics for People in Pictures with Queen Elizabeth II

Click here to take the quiz!

General Stats

  • This quiz has been taken 20,795 times
    (19,731 since last reset)
  • The average score is 13 of 16

Answer Stats

Answer% Correct
King Charles III
97%
Princess Diana
97%
Michelle Obama
96%
Boris Johnson
91%
Nelson Mandela
91%
Winston Churchill
89%
Lady Gaga
87%
George W. Bush
86%
Prince Philip
85%
Ronald Reagan
82%
Angela Merkel
78%
Margaret Thatcher
76%
John Paul II
65%
Charles de Gaulle
48%
Edward VIII
48%
Sarah, Duchess of York
46%

Score Distribution

Percentile by Number Answered

Percent of People with Each Score

Your Score History

You have not taken this quiz since the last reset